000 01421nam a2200373 i 4500
001 ELB271959
003 FINmELB
005 20250326043925.0
006 m o u
007 cr cn|||||||||
008 240922s2021 ag ob 000 0 spa d
020 _z9789879066607
020 _a9786070249266
_q(e-book)
035 _a(OCoLC)1456879187
040 _aFINmELB
_bspa
_erda
_cFINmELB
050 1 4 _aBT201
_bS822 2021
080 _a27-31
082 0 4 _a232.901
_223
100 1 _aSteiner, Rudolf,
_eautor.
245 1 0 _aCristo y el alma humana :
_bciclo de cuatro conferencias pronunciadas en Nèorrkoping, Suecia, durante el mes de julio de 1914 /
_cRudolf Steiner.
264 1 _aBuenos Aires :
_bEditorial Antroposófica,
_c2021.
300 _a1 recurso en línea (113 páginas)
336 _atexto
_btxt
_2rdamedia/spa
337 _acomputadora
_bc
_2rdamedia/spa
338 _arecurso en línea
_bcr
_2rdacarrier/spa
504 _aContiene bibliografía.
588 _aDescripción basada en metadatos suministrados por el editor y otras fuentes.
590 _aRecurso electrónico. Santa Fe, Arg.: elibro, 2024. Disponible vía World Wide Web. El acceso puede estar limitado para las bibliotecas afiliadas a elibro.
600 0 0 _aJesucristo.
650 4 _aAntroposofía.
655 4 _aLibros electrónicos.
797 2 _aelibro, Corp.
856 4 0 _uhttps://elibro.net/ereader/usam/271959
999 _c155269
_d155269